000 00567nam a2200181Ia 4500
005 20250508153117.0
008 008 250505s9999 xx 000 0 eng d
037 _aTextual
040 _aFEDL
_beng
_cFEDL
041 _aeng
_2eng
084 _a372.5, ERD
_qFEDL
100 _aErdt Margaret Hamilton
_9759727
245 0 _aTeaching art in the elementary school : Child growth through art experiences
260 _aNew York, USA
_bHolt, Rinehart and Winston
_c1962
300 _axiii,367p
942 _cTEXL
_h372.5, ERD
999 _c1340734
_d1340734